| 000 | 00443cam a2200193ua 4500 | ||
|---|---|---|---|
| 001 | 7064 | ||
| 008 | 141122n ii |||gr||||Z||||||eng | ||
| 020 | _a818501566X | ||
| 040 | _cMAIN | ||
| 041 | _aeng | ||
| 082 | _a330 | ||
| 100 |
_aApostol, Tom M., _eAuthor. |
||
| 245 | 1 |
_aMathematical analysis _cBy Tom M. Apostol |
|
| 250 | _a2nd. | ||
| 260 |
_aNew Delhi: _bNarosa, _c2002. |
||
| 300 | _axix,500p. | ||
| 653 | _aEconomics | ||
| 942 | _cBK | ||
| 999 |
_c6193 _d6193 |
||